000 01025cam a22002054a 4500
005 20250605164022.0
008 250528s ||||||||||||||||||||||||d
035 _a16382
020 _a586083561
040 _aGR-AtMCL
_bgre
_dGR-AtMCL
_eAACR2
245 1 _aChildhood and Society
260 _c1977
300 _a400
520 _aA unique combination of imaginative clinical description, rigorous thinking, gentle humor and deep humanity. Childhood and the Modalities of Social Life, Relevance and Relativity in the Case History, The Theory of Infantile Sexuality, Hunters Across the Prairie, Fishermen Along a Salmon River, The Growth of the Ego, Early Ego-Failure: Jean, Toys and Reasons, Eight Ages of Man, Reflections on the American Identity, The Legend of Hitler's Childhood, Beyond Anxiety, The Published Writings of Erik H. Erikson since the First Edition of Childhood and Society, Index.
700 1 _aErikson Erik H
_92478
700 1 _aPaladin
_92479
942 _cBK
999 _c1890
_d1890